[Event "Hennebont Grand Prix"]
[Site "Hennebont"]
[Date "2006.08.06"]
[Round "7"]
[White "Guillaumat, Jerome"]
[Black "Pouzerate, Thibaut"]
[Result "0-1"]
[WhiteElo "1399"]
[BlackElo "1890"]
[PlyCount "96"]
[EventDate "2006.08.05"]
[EventType "swiss"]
[EventRounds "7"]
[EventCountry "FRA"]
[SourceTitle "EXT 2007"]
[Source "ChessBase"]
[SourceDate "2006.11.23"]
[SourceVersion "1"]
[SourceVersionDate "2006.11.23"]
[SourceQuality "1"]

1. e4 e5 2. Nf3 Nc6 3. Bc4 Bc5 4. c3 Nf6 5. d3 d6 6. h3 Be6 7. Bxe6 fxe6 8. Bg5 Rf8 9. 0-0 h6 10. Bd2 Qe7 11. b4 Bb6 12. b5 Nd8 13. a4 a6 14. Na3 axb5 15. axb5 Nh5 16. Nc4 Rxa1 17. Qxa1 Nf4 18. Bxf4 Rxf4 19. Nxb6 cxb6 20. Qd1 Nf7 21. g3 Rf6 22. Nd2 Qc7 23. c4 Qc5 24. Kg2 d5 25. exd5 exd5 26. Kg1 dxc4 27. Ne4 Qxb5 28. Nxf6+ gxf6 29. dxc4 Qxc4 30. Qf3 Qc6 31. Qe3 b5 32. Rc1 Qd6 33. Rb1 Qd5 34. Qe2 Qc4 35. Qxc4 bxc4 36. Rxb7 Nd6 37. Rb1 Kd7 38. Kf1 c3 39. Rc1 Nb5 40. Ke1 Kc6 41. f3 Kc5 42. Kd1 Kc4 43. Ra1 Kd3 44. Ra4 Nd4 45. Ra3 Nxf3 46. Kc1 e4 47. Ra8 Nd4 48. Rd8 e3 0-1

[Event "Hennebont Grand Prix"]
[Site "Hennebont"]
[Date "2006.08.05"]
[Round "3"]
[White "Bleuzen, Cedric"]
[Black "Pouzerate, Thibaut"]
[Result "1-0"]
[WhiteElo "2021"]
[BlackElo "1890"]
[PlyCount "81"]
[EventDate "2006.08.05"]
[EventType "swiss"]
[EventRounds "7"]
[EventCountry "FRA"]
[SourceTitle "EXT 2007"]
[Source "ChessBase"]
[SourceDate "2006.11.23"]
[SourceVersion "1"]
[SourceVersionDate "2006.11.23"]
[SourceQuality "1"]

1. d4 Nf6 2. Bg5 d5 3. Bxf6 exf6 4. e3 Bf5 5. Nd2 Bd6 6. Ne2 Nd7 7. Ng3 Bg6 8. Nf3 0-0 9. Nh4 Nb6 10. c3 Nc4 11. b3 Na3 12. Nxg6 fxg6 13. Bd3 f5 14. Ne2 f4 15. exf4 Bxf4 16. Nxf4 Rxf4 17. 0-0 c6 18. g3 Rf7 19. f4 Nb5 20. Qd2 Nd6 21. Rae1 Re7 22. Re5 Qd7 23. Rfe1 Rae8 24. Qe2 Kf7 25. Kg2 Re6 26. Qg4 R6e7 27. Qh4 h6 28. Rxe7+ Rxe7 29. Rxe7+ Qxe7 30. Bxg6+ Kf8 31. Qxe7+ Kxe7 32. Bd3 Kf6 33. Kf3 Nb5 34. Bxb5 cxb5 35. g4 a5 36. Ke3 b4 37. c4 dxc4 38. bxc4 a4 39. Kd3 g5 40. f5 Ke7 41. c5 1-0

[Event "Hennebont Grand Prix"]
[Site "Hennebont"]
[Date "2006.08.05"]
[Round "2"]
[White "Pouzerate, Thibaut"]
[Black "Le Pen, Steven"]
[Result "1-0"]
[WhiteElo "1890"]
[BlackElo "1380"]
[PlyCount "21"]
[EventDate "2006.08.05"]
[EventType "swiss"]
[EventRounds "7"]
[EventCountry "FRA"]
[SourceTitle "EXT 2007"]
[Source "ChessBase"]
[SourceDate "2006.11.23"]
[SourceVersion "1"]
[SourceVersionDate "2006.11.23"]
[SourceQuality "1"]

1. e4 e5 2. f4 exf4 3. Nf3 b6 4. d4 g5 5. h4 f6 6. Nxg5 fxg5 7. Qh5+ Ke7 8. Qxg5+ Nf6 9. Bc4 Ke8 10. e5 Ne4 11. Qh5+ 1-0

[Event "Hennebont Grand Prix"]
[Site "Hennebont"]
[Date "2006.08.05"]
[Round "1"]
[White "Salaun, Michel"]
[Black "Pouzerate, Thibaut"]
[Result "1-0"]
[WhiteElo "2056"]
[BlackElo "1890"]
[PlyCount "63"]
[EventDate "2006.08.05"]
[EventType "swiss"]
[EventRounds "7"]
[EventCountry "FRA"]
[SourceTitle "EXT 2007"]
[Source "ChessBase"]
[SourceDate "2006.11.23"]
[SourceVersion "1"]
[SourceVersionDate "2006.11.23"]
[SourceQuality "1"]

1. Nf3 d5 2. d4 Bf5 3. c4 e6 4. Nc3 Nf6 5. Qb3 dxc4 6. Qxb7 Nbd7 7. e4 Rb8 8. Qc6 Rb6 9. Qa4 Bxe4 10. Ne5 Rb4 11. Qxa7 Nxe5 12. dxe5 Ng4 13. Nxe4 Qd5 14. Bd2 Qxe4+ 15. Be2 Nxe5 16. 0-0 Rxb2 17. Qa4+ Qc6 18. Qd1 c3 19. Bf4 c2 20. Qd4 Qb7 21. Qxe5 Bd6 22. Qxg7 Rf8 23. Bxd6 cxd6 24. Rac1 Ke7 25. a4 Rc8 26. Bb5 d5 27. Qxb2 Rg8 28. Qxc2 Qa8 29. Qc7+ Kf6 30. Qf4+ Ke7 31. Rc7+ Kd8 32. Qd6# 1-0

[Event "Finistere-chB 0405"]
[Site "Finistere"]
[Date "2004.11.20"]
[Round "2"]
[White "Pouzerate, Thibaut"]
[Black "Larrieu, Jean Claude"]
[Result "1-0"]
[WhiteElo "1810"]
[BlackElo "1420"]
[PlyCount "141"]
[EventDate "2004.10.16"]
[EventType "swiss"]
[EventRounds "7"]
[EventCountry "FRA"]
[SourceTitle "EXT 2007"]
[Source "ChessBase"]
[SourceDate "2006.11.23"]
[SourceVersion "1"]
[SourceVersionDate "2006.11.23"]
[SourceQuality "1"]

1. e4 e5 2. Nf3 Nc6 3. Bc4 d6 4. Nc3 Nf6 5. d3 h6 6. Be3 a6 7. Nd5 b5 8. Bb3 Na5 9. Qd2 Nxb3 10. axb3 Ng4 11. Qa5 Nxe3 12. fxe3 Ra7 13. 0-0 Be7 14. Nb4 Qd7 15. d4 Bf6 16. h3 Bb7 17. d5 0-0 18. c4 bxc4 19. bxc4 Bd8 20. Qa4 Qxa4 21. Rxa4 a5 22. Nd3 c6 23. Nd2 Bb6 24. Kf2 c5 25. g4 Bc8 26. Raa1 Bd7 27. Ra2 Rfa8 28. Kg3 g5 29. Rh1 Kg7 30. h4 f6 31. h5 a4 32. Rha1 Ba5 33. Nb1 Bb6 34. Nc3 Kf7 35. Ne1 Ba5 36. Nc2 Bxc3 37. bxc3 Rb8 38. Rc1 Ra5 39. Na3 Rb3 40. Rb1 Ra8 41. Rc1 Rab8 42. Nb5 Bxb5 43. cxb5 R3xb5 44. Rxa4 Kg8 45. Rf1 Kf7 46. Rc1 R5b6 47. Kf3 R8b7 48. Rg1 Rb8 49. Ra7+ Kg8 50. Ke2 R8b7 51. Ra8+ Kg7 52. Kd3 Rb8 53. Ra7+ R8b7 54. Ra8 Rb8 55. Ra4 R8b7 56. Rga1 Kg8 57. Ra8+ Kg7 58. R8a7 Rxa7 59. Rxa7+ Kg8 60. Kc2 Rb8 61. Ra6 Rd8 62. Kb3 Kf7 63. Ka4 Ke7 64. Ra7+ Rd7 65. Rxd7+ Kxd7 66. Kb5 Kc7 67. Ka6 Kc8 68. Kb6 Kd7 69. c4 Kd8 70. Kc6 Ke7 71. Kc7 1-0

[Event "Finistere-chT 0304"]
[Site "Finistere"]
[Date "2004.03.20"]
[Round "6.3"]
[White "Pouzerate, Thibaut"]
[Black "Le Carre, Claude"]
[Result "0-1"]
[WhiteElo "1530"]
[BlackElo "1890"]
[PlyCount "84"]
[EventDate "2003.10.??"]
[EventType "team-swiss"]
[EventRounds "6"]
[EventCountry "FRA"]
[SourceTitle "EXT 2005"]
[Source "ChessBase"]
[SourceDate "2004.11.15"]
[SourceVersion "1"]
[SourceVersionDate "2004.11.15"]
[SourceQuality "1"]

1. e4 d6 2. d4 Nf6 3. Nc3 g6 4. Be3 c6 5. Bd3 Bg7 6. f3 Nbd7 7. Qd2 b5 8. 0-0-0 Nb6 9. b3 b4 10. Nb1 a5 11. Ne2 Qc7 12. h4 h5 13. f4 Ng4 14. c4 bxc3 15. Nbxc3 Nxe3 16. Qxe3 Bg4 17. Rdf1 Bxe2 18. Bxe2 a4 19. b4 a3 20. Kd2 e5 21. fxe5 Bh6 22. Rf4 dxe5 23. dxe5 Bxf4 24. Qxf4 0-0-0+ 25. Kc2 Rhe8 26. Rf1 Rd7 27. Ba6+ Kb8 28. b5 c5 29. Qf6 Ka7 30. Qc6 Re6 31. Qxc7+ Rxc7 32. Kb3 Rxe5 33. Kxa3 Nc4+ 34. Ka4 Nd2 35. Rf4 Rce7 36. Rf6 R5e6 37. e5 Rxf6 38. exf6 Re6 39. Nd5 Nc4 40. Bc8 Re4 41. Kb3 Nb6 42. Nxb6 Kxb6 0-1

[Event "Finistere-chT 0304"]
[Site "Finistere"]
[Date "2003.11.29"]
[Round "2.11"]
[White "Pouzerate, Thibaut"]
[Black "Boudehen, Stephanie"]
[Result "1-0"]
[WhiteElo "1330"]
[BlackElo "1710"]
[PlyCount "37"]
[EventDate "2003.10.??"]
[EventType "team-swiss"]
[EventRounds "6"]
[EventCountry "FRA"]
[SourceTitle "EXT 2005"]
[Source "ChessBase"]
[SourceDate "2004.11.15"]
[SourceVersion "1"]
[SourceVersionDate "2004.11.15"]
[SourceQuality "1"]

1. e4 d6 2. d4 Nf6 3. Nc3 g6 4. Be3 Bg7 5. Nf3 0-0 6. Qd2 Re8 7. 0-0-0 c6 8. Bh6 Bh8 9. Qg5 b5 10. h4 b4 11. e5 Ng4 12. Ne4 d5 13. Nh2 Nxh2 14. Rxh2 dxe4 15. h5 Qd7 16. hxg6 hxg6 17. Bf8 Bg7 18. Bxg7 f6 19. Qxg6 1-0